000 00471nab a22001457 4500
003 ES-SlBCS
005 20211206144539.0
008 160629s2016 sp ||||| |||| 00| 0 spa d
040 _aES-SlBCS
_bspa
041 _aspa
100 1 _aDias da Silva, Cássio Murilo
_965028
245 1 3 _aEl sufrimiento en el Eclesiastés: "¡también eso es hebel!"
_cCássio Murilo Dias da Silva
773 0 _gNúm. 366, 2016, págs. 61-74
_tConcilium
_wRev134
_x0210-1041
942 _2lcc
_cAR
999 _c468452
_d468452